000 00543 a2200169 4500
999 _c7567
_d7567
010 _aENG-88081
020 _a8185867747
_c100.00
035 _aEN-71614
037 _bDBAD / PUB
082 1 4 _a553.79095432
100 1 _aRadhakrishna , B.P.
245 1 _aGroundwater in Karnataka /
_cby B.P. Radhakrishna
260 _aBangalore
_bGeological Society of India
_c2006
270 _aP.B.No.1922, Govipuram, P.O. Bangalore,
_bBangalore
_e560 019
300 _avi, 106 p.
_c22 cm (Pbk)
942 _adpl
_cEN
_2ddc
_h553.79095432
_mRAD